000 00399nam a2200157Ia 4500
008 210716s2007 xx 000 0 und d
020 _a0070616434
041 _aeng
082 _a332.1 KHAM
100 _aKhan, M Y.
245 _aIndian financial system.
250 _a6
260 _aNew delhi
_bTata McGraw Hill Publishing Company Ltd
_c2007
300 _axvii,18.55/2009
650 _aFinance
999 _c203779
_d203779